| 000 | 00529cam a2200205 4500 | ||
|---|---|---|---|
| 001 | J1839 | ||
| 008 | 090401t1993 xxu||||| |||| 00| 0 eng d | ||
| 035 | _a(Sirsi) u45701 | ||
| 041 | _aeng | ||
| 050 | _a333.3370942297 | ||
| 110 |
_aLambert Smith Hampton _92865 |
||
| 245 | _aSlough office quarterly report. - October 1993 | ||
| 260 |
_aSlough _bLambert Smith Hampton _c1993 |
||
| 300 | _a1 pt. ; 30cm. | ||
| 350 | _a0 | ||
| 650 | _aOFFICES | ||
| 690 | _aPROPERTY-COMMERCIAL PROPERTY | ||
| 942 | _n0 | ||
| 948 | _c04/03/1997 | ||
| 999 |
_c91806 _d91806 |
||